000 00350nam a2200121 4500
999 _c9751
_d9751
008 180716b ||||| |||| 00| 0 eng d
100 _928935
_aMagtulis, Prinz
245 _aDOF eyes taxes on casino winnings/
_cPrinz Magtulis
260 _aPhilippines
_bThe Philippine Star
_cc2016
300 _apage 4.
650 0 _928936
_aTaxation.
942 _2ddc
_cPER